| 000 | nam a22 7a 4500 | ||
|---|---|---|---|
| 999 |
_c234103 _d234103 |
||
| 005 | 20170313163247.0 | ||
| 008 | 170313b xxu||||| |||| 00| 0 eng d | ||
| 020 | _a97815855037254 | ||
| 040 | _c. | ||
| 082 | _aBB-371 | ||
| 100 | _aLee, Huei-Hunang | ||
| 245 |
_aFinite Element Simulations With Ansys Workbench 14 \ _cLee, Huei-Hunang |
||
| 260 |
_aUSA, _bStephen Schoff _c2012. |
||
| 300 |
_a602 p. ; _c28 cm. |
||
| 942 |
_2ddc _cBK |
||